| 000 | 00432nam a22001697a 4500 | ||
|---|---|---|---|
| 003 | CEME | ||
| 005 | 20210628203312.0 | ||
| 008 | 210127b xxu||||| |||| 00| 0 eng d | ||
| 040 | _c. | ||
| 082 | _a297.1227 MOJ | ||
| 100 |
_aHaroon Yahya:Tasadaq Hussain Raja. Dr _964581 |
||
| 245 | _aMoajazaat quran | ||
| 260 |
_aLAHORE _bISLAMIC PUBLICATIONS _c2001 |
||
| 300 | _a98P | ||
| 650 |
_aMIRACLES OF QURAN _964582 |
||
| 942 |
_cBK _2ddc |
||
| 999 |
_c573028 _d573028 |
||